Análisis de la respuesta sísmica inelástica de dos marcos de cuatro pisos de concreto reforzado
Guardat en:
| Autor principal: | |
|---|---|
| Format: | Llibre |
| Publicat: |
[San José , Costa Rica]
1987
|
| Matèries: | |
| Etiquetes: |
Afegir etiqueta
Sense etiquetes, Sigues el primer a etiquetar aquest registre!
|
MARC
| LEADER | 00000nam a2200000Ia 4500 | ||
|---|---|---|---|
| 003 | 004225 | ||
| 005 | 20221231144352.0 | ||
| 008 | 140114s1987 c a m 000 ||s d | ||
| 040 | |c cru CEDI | ||
| 090 | |a TFG 1900 | ||
| 100 | |a Picado Maykall, Marianela |9 14017 | ||
| 245 | |a Análisis de la respuesta sísmica inelástica de dos marcos de cuatro pisos de concreto reforzado | ||
| 260 | |c 1987 |a [San José , Costa Rica] | ||
| 300 | |a [90] hojas : ilustraciones ; 27 cm | ||
| 500 | |a Proyecto de graduación (licenciatura en ingeniería civil)--Universidad de Costa Rica. Facultad de Ingeniería. Escuela de Ingeniería Civil | ||
| 650 | |x CONSTRUCCIONES ANTISISMICAS |9 14018 | ||
| 942 | |c TFG | ||
| 999 | |c 20836 |d 20836 | ||
